000 00214 a2200097 4500
001 48571
100 _aClough, S.B
245 _aThe American way
260 _aNew York
_bThomas Y Crowell
_c
090 _c31501
_d31501
942 _aNUST-CAE
_cM
_c23894
999 _c283644
_d283644